LEADER 01693nam a2200313 a 4500 001 000000173057 003 CaOOAMICUS 005 20200123104839.0 008 200123s2019 it frm z000 u eng r 020 $z978-88-7839-407-0* 032 $aLibriCat 040 $aPUL$bita 100 1 $aJacob Maruthukunnel, Rajesh.$0(OLS)http://pul/name/111158 245 14$aThe conditions of living Christian faith in the secular world : $ba theological dialogue between Charles Taylor and Joseph Ratzinger in the context of the Syro-Malabar Church / $cRajesh Jacob Maruthukunnel. 260 $aRoma :$bGregorian & Biblical Press,$c2019. 300 $a425 p.;$b$c24 cm 490 1 $aTesi Gregoriana. Serie teologia ;$v241 502 $aTesi di Dottorato--Facoltà di Teologia --Pontificia Università Gregoriana, 2019. 504 $aBibliografia: p.[517]-546. 650 4$aChiese cristiane e dialogo ecumenico.$0(OLS)http://pul/subject/33258 710 2 $aPontificia Università Gregoriana.$bFacoltà di teologia.$kTesi.$0(OLS)http://pul/name/81592 830 0$aTesi Gregoriana.$pSerie teologia ;$v241.$0(OLS)http://pul/title/39607 850 $aPUL 852 $aPUL$W1$xDP1 Tesi Pon. Univ. Gregoriana$y40$m2019 B 24$j197036$qTesi$B201816$CPULBib$Z2$F201816 $82 941 1 $a16 996 $6020$z978-88-7839-407-0* $9(OLS)http://pul/number/167053 996 $6245$aThe conditions of living Christian faith in the secular world : $ba theological dialogue between Charles Taylor and Joseph Ratzinger in the context of the Syro-Malabar Church / $9(OLS)http://pul/title/214101 996 $6260$aRoma :$bGregorian & Biblical Press$9(OLS)http://pul/publisher/81048 LEADER 01511nam a2200337 a 4500 001 000000139060 003 CaOOAMICUS 005 20140627142726.0 008 140627s2000 it u000 u ita r 020 $a88-7961-025-2 040 $aPUL$bita 082 04$a340.54 100 1 $aGaudemet, Jean,$d1908-2001.$0(OLS)http://pul/name/414 245 10$aLegislazione imperiale e religione nel IV secolo /$cJ. Gaudemet, P. Siniscalco, G. L. Falchi. 260 $aRoma :$bIstituto Patristico Augustinianum,$c2000. 300 $a183 p. ;$c23 cm 490 1 $aSussidi patristici ;$v011 504 $aBibliografia in nota. 650 4$aCristianesimo$ySec. I-IV.$0(OLS)http://pul/subject/8231 650 4$aImpero romano e cristianesimo$ySec. III-IV.$0(OLS)http://pul/subject/40624 700 1 $aSiniscalco, Paolo.$0(OLS)http://pul/name/6643 700 1 $aFalchi, Gian Luigi,$d1946-2012.$0(OLS)http://pul/name/6734 830 0$aSussidi patristici ;$v011.$0(OLS)http://pul/title/970 850 $aPUL 852 $aPUL$W1$xSL Diritto e Scienze Sociali 3$y79$m340. 54 GAUJE 1$j160566$qDDC 21$q $B159989$CPULBib$Z2$F159989 $H124297 $81 941 1 $a9 996 $6020$a88-7961-025-2$9(OLS)http://pul/number/155645 996 $6082$a340.54$9(OLS)http://pul/classification/477 996 $6245$aLegislazione imperiale e religione nel IV secolo$9(OLS)http://pul/title/176059 996 $6260$aRoma :$bIstituto Patristico Augustinianum$9(OLS)http://pul/publisher/48277